书目信息 |
| 题名: |
建筑大师经典作品解读
|
|
| 作者: | 威斯顿 编著 ;牛海英 , 张雪珊 译 | |
| 分册: | ||
| 出版信息: | 大连 大连理工大学出版社 2006.04 |
|
| 页数: | 229页 | |
| 开本: | 28cm | |
| 丛书名: | ||
| 单 册: | ||
| 中图分类: | TU206 | |
| 科图分类: | ||
| 主题词: | 建筑设计--jian zhu she ji--世界--20世纪--图集 | |
| 电子资源: | ||
| ISBN: | 7-5611-3147-X | |
| 000 | 01316nam0 2200289 450 | |
| 001 | 012007546187 | |
| 005 | 20070509103833.25 | |
| 010 | @a7-5611-3147-X@dCNY98.00 (含光盘) | |
| 100 | @a20070411d2006 km y0chiy0120 ea | |
| 101 | 1 | @achi@ceng |
| 102 | @aCN@b210000 | |
| 105 | @aa a 000yy | |
| 200 | 1 | @a建筑大师经典作品解读@Ajian zhu da shi jing dian zuo pin jie du@e平面·立面·剖面@d= Plans, sections and elevations@ekey buildings of the twentieth century@f(英) 理查德·威斯顿编著@F(ying)li cha de·wei si dun bian zhu@g牛海英, 张雪珊译@Gniu hai ying,zhang xue shan yi@zeng |
| 210 | @a大连@c大连理工大学出版社@d2006.04 | |
| 215 | @a229页@c图 (部分彩图)@d28cm@e光盘1片 | |
| 307 | @a光盘 ISBN : 7-89998-303-7 | |
| 320 | @a有书目。 | |
| 330 | @a本书收集20世纪著名建筑师的主要建筑,分析了每个项目的平面、立面和剖面,为读者研究20世纪的主要建筑的空间规划和组织提供参考。 | |
| 500 | 10 | @aPlans, sections and elevations: key buildings of the twentieth century@mchinese |
| 517 | 1 | @a平面·立面·剖面@Aping mian·li mian·pou mian |
| 606 | 0 | @a建筑设计@Ajian zhu she ji@y世界@z20世纪@j图集 |
| 690 | @aTU206@v4 | |
| 701 | 1 | @a威斯顿@Awei si dun@g(Weston, Richard)@4编著 |
| 702 | 0 | @a牛海英@Aniu hai ying@4译 |
| 702 | 0 | @a张雪珊@Azhang xue shan@4译 |
| 801 | 0 | @aCN@c20070509 |
| 905 | @a10447@dTU206@eW500 | |
| 建筑大师经典作品解读:平面·立面·剖面= Plans, sections and elevations:key buildings of the twentieth century/(英) 理查德·威斯顿编著/牛海英, 张雪珊译.-大连:大连理工大学出版社,2006.04 |
| 229页:图 (部分彩图);28cm+光盘1片 |
| ISBN 7-5611-3147-X:CNY98.00 (含光盘) |
| 本书收集20世纪著名建筑师的主要建筑,分析了每个项目的平面、立面和剖面,为读者研究20世纪的主要建筑的空间规划和组织提供参考。 |
| ● |
| 相关链接 |
|
|
|
正题名:建筑大师经典作品解读
索取号:TU206/W500
 
预约/预借
| 序号 | 登录号 | 条形码 | 馆藏地/架位号 | 状态 | 备注 |
| 1 | 240553 | 202405539 | 建筑库101/101建筑库 43排2列4层/ [索取号:TU206/W500] | 在馆 |